[Event "Noyabrsk"]
[Site "Noyabrsk"]
[Date "1995.??.??"]
[Round "5"]
[White "Zagrebelny, Sergey"]
[Black "Landa, Konstantin"]
[Result "0-1"]
[WhiteElo "2510"]
[BlackElo "2500"]

1.e4 c5 2.Nf3 e6 3.Nc3 Nc6 4.d4 cxd4 5.Nxd4 Qc7 6.Be3 a6 7.Qd2 Nf6 8.f3 Nxd4
9.Qxd4 Bd6 10.O-O-O Be5 11.Qb4 b5 12.a4 bxa4 13.Nxa4 Rb8 14.Qa3 Bb7 15.Bb6 Qc6
16.Kb1 Rc8 17.c4 d6 18.Bd4 Bxd4 19.Rxd4 Rd8 20.Be2 O-O 21.Rhd1 d5 22.e5 Nd7
23.f4 Rc8 24.Bf3 Nb6 25.Nxb6 Qxb6 26.cxd5 Bxd5 27.Bxd5 exd5 28.Qd6 Qb3 29.Qxd5 Qc2+
30.Ka1 Rc5 31.Qa2 Qxg2 32.e6 Rc7 33.Rd7 Qc2 34.exf7+ Kh8 35.Qa3 Rcc8 36.Qb4 h6
37.Qd4 Rc4 38.Rd8 Ra4+ 39.Qxa4 Qxa4+ 40.Kb1 Qe4+ 41.Ka1 Qe7  0-1

[Event "Odorheiu Secuiesc zt"]
[Site "Odorheiu Secuiesc"]
[Date "1995.??.??"]
[Round "4"]
[White "Nevednichy, Vladislav"]
[Black "Markowski, Tomasz"]
[Result "1-0"]
[WhiteElo "2485"]
[BlackElo "2470"]

1.e4 c5 2.Nf3 e6 3.d4 cxd4 4.Nxd4 Nc6 5.Nc3 d6 6.g4 Nge7 7.Nb3 a6 8.Be3 b5
9.f4 Ng6 10.Qf3 Bd7 11.O-O-O Rc8 12.Kb1 b4 13.Ne2 Qc7 14.Rc1 Be7 15.g5 a5
16.h4 a4 17.Nd2 Na5 18.h5 Nf8 19.Qf2 Bd8 20.f5 e5 21.c4 bxc3 22.Nxc3 Qb7
23.Bd3 Bc6 24.Nd5 Bxd5 25.exd5 Rxc1+ 26.Rxc1 Nd7 27.Qf3 h6 28.f6 gxf6 29.g6 fxg6
30.hxg6 Kf8 31.g7+ Kxg7 32.Rg1+ Kf8 33.Qg4 Nc5 34.Bxh6+ Ke8 35.Bg6+ Ke7 36.Bf5 Rxh6
37.Qg7+ Ke8 38.Qg8+  1-0

[Event "CZE-ch"]
[Site "Olomouc"]
[Date "1995.??.??"]
[Round "?"]
[White "Oral, Tomas"]
[Black "Jansa, Vlastimil"]
[Result "1-0"]
[WhiteElo "2405"]
[BlackElo "2525"]

1.e4 c5 2.Nf3 e6 3.d4 cxd4 4.Nxd4 Nc6 5.Nc3 d6 6.Nxc6 bxc6 7.Bd3 d5 8.O-O Nf6
9.Re1 Bb7 10.e5 Nd7 11.Na4 Qc7 12.Bf4 c5 13.c4 d4 14.b3 f5 15.Be2 Be7 16.Bf3 O-O
17.Bxb7 Qxb7 18.Qh5 Rf7 19.h4 a5 20.g3 Ra6 21.Qe2 Nb8 22.Rad1 Bf8 23.Rd3 Nd7
24.Qf3 Nb6 25.Nxb6 Rxb6 26.a4 Qxf3 27.Rxf3 Rfb7 28.Bd2 Rxb3 29.Rxb3 Rxb3
30.Ra1 Kf7 31.Bxa5 Ke8 32.Be1 Kd7 33.a5 Rb7 34.Kf1 Kc7 35.Ke2 Rb2+ 36.Kd3 Kb7
37.Bd2 Ka6 38.Rg1 h5 39.f3 Rb3+ 40.Kc2 Rxf3 41.Rb1 f4 42.Rb6+ Ka7 43.gxf4 Be7
44.Rxe6 Bxh4 45.Rd6 Rg3 46.e6 Rg2 47.Kd3 Rg3+ 48.Ke2 Rg2+ 49.Kd3 Rg3+ 50.Ke4 Rg2
51.Bc1 Rc2 52.Ba3 Rxc4 53.Kd5 Rc2 54.Rd7+ Ka6 55.Bxc5 Kxa5 56.Bxd4 Re2 57.Rxg7 Rd2
58.e7 Bf6 59.e8=Q Rxd4+ 60.Kc5  1-0

[Event "CZE-ch"]
[Site "Olomouc"]
[Date "1995.??.??"]
[Round "?"]
[White "Simacek, Pavel"]
[Black "Suran, Jan"]
[Result "1/2-1/2"]
[WhiteElo "2125"]
[BlackElo "2215"]

1.e4 c5 2.Nf3 e6 3.d4 cxd4 4.Nxd4 Nc6 5.Nc3 Qc7 6.g3 a6 7.Bg2 Nf6 8.O-O d6
9.Re1 Bd7 10.Nxc6 Bxc6 11.Bf4 Be7 12.a4 b6 13.Qe2 O-O 14.Rad1 Rfd8 15.g4 Qb7
16.g5 Ne8 17.Qh5 g6 18.Qe2 Bf8 19.h4 b5 20.axb5 axb5 21.b4 d5 22.exd5 exd5
23.Be5 Bxb4 24.Rd3 Bf8 25.Red1 d4 26.Bxc6 Qxc6 27.Ne4 Bg7 28.Qf3 Qe6 29.Bxg7 Kxg7
30.Rxd4 Rxd4 31.Rxd4 Rc8 32.c3 Rc4 33.Rxc4 Qxc4 34.Nf6 Qe6 35.h5 Nxf6 36.h6+ Kf8
37.gxf6 Ke8 38.Kf1 Qc4+ 39.Ke1 Qe6+ 40.Kd2  1/2-1/2

[Event "CRO-chT2"]
[Site "Opatija"]
[Date "1995.??.??"]
[Round "?"]
[White "Vitic, Ivan"]
[Black "Armanda, Ivica"]
[Result "1-0"]
[WhiteElo "2230"]
[BlackElo "2265"]

1.e4 c5 2.Nf3 e6 3.Nc3 Nc6 4.d4 cxd4 5.Nxd4 Qc7 6.Be3 a6 7.Bd3 Nf6 8.O-O Ne5
9.h3 d6 10.f4 Ng6 11.a4 Be7 12.Qf3 O-O 13.g4 e5 14.Nde2 exf4 15.Nxf4 Nxf4
16.Qxf4 Be6 17.Nd5 Bxd5 18.exd5 g6 19.Qd4 Rfe8 20.Bh6 Qc5 21.Qxc5 dxc5 22.d6 Bd8
23.Bc4 Re4 24.b3 Rb8 25.Rae1 Rxe1 26.Rxe1 b5 27.axb5 axb5 28.g5 Ba5 29.Re7 Nh5
30.Bxf7+ Kh8 31.d7 Ng7 32.Bd5  1-0

[Event "CRO-chT2"]
[Site "Opatija"]
[Date "1995.??.??"]
[Round "?"]
[White "Zelenika, Srdjan"]
[Black "Banusic, Zeljko"]
[Result "1-0"]
[WhiteElo "2255"]
[BlackElo "2315"]

1.e4 c5 2.Nf3 Nc6 3.d4 cxd4 4.Nxd4 e6 5.Nc3 Qc7 6.Be2 a6 7.O-O Nf6 8.Kh1 d6
9.f4 Bd7 10.Be3 Be7 11.Qe1 b5 12.a3 Nxd4 13.Bxd4 Bc6 14.Bd3 Qb7 15.Qe2 Rd8
16.Rae1 O-O 17.Qf2 g6 18.Re2 d5 19.e5 Ne4 20.Qe3 Nxc3 21.Bxc3 Rb8 22.b4 Ra8
23.Bd4 a5 24.c3 axb4 25.axb4 Ra3 26.Ref2 Bd7 27.g4 Rc8 28.Kg1 Kh8 29.Rg2 Bd8
30.f5 Rcxc3 31.f6  1-0

[Event "Orel"]
[Site "Orel"]
[Date "1995.??.??"]
[Round "8"]
[White "Gurevich, Vladimir"]
[Black "Tunik, Gennady"]
[Result "1/2-1/2"]
[WhiteElo "2445"]
[BlackElo "2530"]

1.e4 c5 2.Nf3 e6 3.d4 cxd4 4.Nxd4 Nc6 5.Nc3 a6 6.g3 Nge7 7.Nb3 Na5 8.Bg2 b5
9.O-O Bb7 10.Nc5 Bc6 11.Nd3 Ng6 12.b3 Be7 13.Bd2 O-O 14.Qe1 Nb7 15.Nd5 Bxd5
16.exd5 Rb8 17.dxe6 dxe6 18.Nb4 Qb6 19.Nc6 Rbc8 20.Nxe7+ Nxe7 21.Be3 Qc7
22.Rc1 Nd6 23.Bf4 Ng6 24.Bd2 Rfe8 25.Bb4 Nf5 26.Ba5 Qb8 27.Qe4 Ne5 28.Rfd1 Nc6
29.Bc3 a5 30.Bb2 Nb4 31.Be5 Qb6 32.c3 Nc6 33.Bf4 Nce7 34.c4 bxc4 35.Rxc4 Ng6
36.Rdc1 Rxc4 37.Rxc4 Nxf4 38.Qxf4 Qd8 39.Bc6 Qd1+ 40.Kg2 Rd8 41.Bf3 Qe1 42.Qc1 Qxc1
43.Rxc1 g6 44.Rc5 a4 45.bxa4 Rd2 46.a3 Rd3 47.Be4 Rxa3 48.Bxf5  1/2-1/2

[Event "Pardubice op"]
[Site "Pardubice"]
[Date "1995.??.??"]
[Round "?"]
[White "Mokry, Karel"]
[Black "Vandrey, Wolfgang"]
[Result "1/2-1/2"]
[WhiteElo "2505"]
[BlackElo "2245"]

1.e4 c5 2.Nf3 e6 3.d4 cxd4 4.Nxd4 Nc6 5.Nc3 a6 6.f4 Nxd4 7.Qxd4 b5 8.Bd3 Bb7
9.O-O Qc7 10.b4 Qd6 11.Qxd6 Bxd6 12.Rb1 Ne7 13.a4 bxa4 14.Nxa4 Bc6 15.Nb6 Rb8
16.Nc4 Bc7  1/2-1/2

[Event "Pardubice op"]
[Site "Pardubice"]
[Date "1995.??.??"]
[Round "?"]
[White "Meister, Yakov"]
[Black "Flis, Jacek"]
[Result "1/2-1/2"]
[WhiteElo "2450"]
[BlackElo "2310"]

1.e4 c5 2.Nf3 e6 3.d4 cxd4 4.Nxd4 Nc6 5.Nc3 Qc7 6.Be3 a6 7.g3 d6 8.Bg2 Bd7
9.O-O Nf6 10.Nb3 Ne5 11.a4 Be7 12.h3 Nc4 13.Bc1 O-O 14.Nd4 Rab8 15.Qe2 Ne8
16.b3 Bf6 17.Rd1 Na5 18.Bb2 Nc6 19.Na2 Nxd4 20.Bxd4 a5 21.Rac1 b5 22.axb5 Bxb5
23.Qd2 Bxd4 24.Qxd4 Bc6 25.Nc3 Rb4 26.Qd2 f5 27.exf5 Bxg2 28.Kxg2 Rxf5 29.Re1 Qc6+
30.Kg1 d5 31.Ne2 e5 32.Ra1 Nc7 33.Nc3 Rf3 34.Nd1 Rd4 35.Qg5 Qxc2 36.Rc1 Ne6
37.Rxc2 Nxg5 38.Ne3 Rf6 39.Kg2 e4 40.Ra1 Nf3 41.Rc8+ Kf7 42.Rxa5 Rd2 43.Rc7+ Ke6
44.Rc6+ Kf7 45.Rxf6+ gxf6 46.Rxd5 Rb2 47.g4 Rxb3 48.Rd7+ Kg6 49.Re7 Ne5 50.Nf5 Kg5
51.Rxh7 Nd3 52.Ng3 Nf4+ 53.Kh2 Kg6 54.Re7 Rf3 55.Nxe4 Rxh3+ 56.Kg1 f5 57.gxf5+ Kxf5
58.Ng3+ Kg4 59.Nf1 Rh6 60.Nd2 Kg5 61.Re5+ Kg6 62.f3 Rh5 63.Re4 Nh3+ 64.Kg2 Ng5
65.Re3 Kf5 66.Ra3 Rh8 67.Ra5+ Kf4 68.Ra4+ Kf5 69.Nf1 Ne6 70.Ng3+ Kg5 71.Ra5+ Kg6
72.Ne4 Nf4+ 73.Kg3 Nh5+ 74.Kf2 Rf8 75.Rg5+ Kh6 76.Rg1 Nf6 77.Ke3 Nd5+ 78.Kf2 Nf4
79.Rg4 Ng6 80.Ke3 Rxf3+  1/2-1/2

[Event "Paris op"]
[Site "Paris"]
[Date "1995.??.??"]
[Round "?"]
[White "Apicella, Manuel"]
[Black "Horvath, Csaba"]
[Result "1-0"]
[WhiteElo "2505"]
[BlackElo "2500"]

1.e4 c5 2.Nf3 e6 3.d4 cxd4 4.Nxd4 Nc6 5.Nc3 Qc7 6.Be2 a6 7.Be3 Nf6 8.O-O Bb4
9.Na4 Be7 10.c4 Nxe4 11.Qc2 f5 12.c5 Nxd4 13.Bxd4 b5 14.Nb6 Rb8 15.Bh5+ Kf8
16.Rac1 Bf6 17.Be3 Ke7 18.Rfd1 Rd8 19.f3 Bg5 20.Bxg5+ Nxg5 21.Nd5+ exd5 22.Qxf5 g6
23.Qxg5+ Kf8 24.Bxg6 hxg6 25.Qf6+ Kg8 26.Qxg6+ Kf8 27.Qf6+ Kg8 28.Rxd5  1-0

[Event "World op"]
[Site "Philadelphia"]
[Date "1995.??.??"]
[Round "4"]
[White "Svidler, Peter"]
[Black "Bonin, Jay R"]
[Result "1-0"]
[WhiteElo "2635"]
[BlackElo "2360"]

1.e4 c5 2.Nf3 Nc6 3.Nc3 e6 4.d4 cxd4 5.Nxd4 Qc7 6.g3 a6 7.Bg2 Nf6 8.O-O Nxd4
9.Qxd4 Bc5 10.Bf4 d6 11.Qd3 h6 12.Rad1 e5 13.Be3 Bg4 14.Bxc5 dxc5 15.f3 Be6
16.f4 O-O 17.Qd6 Qxd6 18.Rxd6 b5 19.b3 Ra7 20.Rfd1 Bc8 21.Rc6 Re7 22.Rxc5 exf4
23.gxf4 Bb7 24.e5 Nh5 25.Bxb7 Rxb7 26.Nd5 Rd7 27.Kf2 Re8 28.Kf3 g6 29.Rc6 Re6
30.Rd6 Ra7 31.c4 bxc4 32.bxc4 g5 33.fxg5 hxg5 34.Kg4 Nf4 35.Nf6+ Kg7 36.Kxg5 Ng6
37.Rxe6  1-0

[Event "CZE-ch U16"]
[Site "Plzen"]
[Date "1995.??.??"]
[Round "?"]
[White "Simacek, Pavel"]
[Black "Babula, Pavel"]
[Result "0-1"]
[WhiteElo "2125"]
[BlackElo "2080"]

1.e4 c5 2.Nf3 Nc6 3.d4 cxd4 4.Nxd4 e6 5.Nc3 Qc7 6.Be3 a6 7.Be2 Nf6 8.O-O Bb4
9.Na4 O-O 10.Nxc6 bxc6 11.Nb6 Rb8 12.Nxc8 Rfxc8 13.Bxa6 Rd8 14.Bd3 Bd6 15.f4 e5
16.f5 Rxb2 17.g4 h6 18.h4 Bf8 19.g5 Nd5 20.exd5 e4 21.Bf4 Qa7+ 22.Kh1 exd3
23.Qxd3 h5 24.g6 Qc5 25.c4 Re8 26.f6 gxf6 27.gxf7+ Kxf7 28.Qh7+ Bg7 29.Qxh5+ Kf8
30.Bh6 Qe7 31.Bxg7+ Qxg7 32.Rg1 Re5 33.Qf3 Qh8 34.Qh3 Re7 35.Rg4 Rbe2 36.Qg3 R2e3
37.Qb8+ Re8 38.Qd6+ Kf7 39.dxc6 dxc6 40.Rb1 Qh7 41.Rf1 R3e6 42.Qc7+ R8e7
43.Qg3 Re3 44.Qf2 Qh6 45.Rf4 R7e6 46.Qg2 Re2 47.Qg5 Qh8 48.a4 Ke7 49.Qg1 R2e3
50.Kh2 Re2+ 51.Kh3 R6e3+ 52.R1f3 Rxf3+ 53.Rxf3 Qc8+ 54.Qg4 Rh2+ 55.Kxh2 Qxg4
56.Rh3 Qxc4 57.h5 Qxa4 58.h6 Qc2+ 59.Kg3 Qg6+ 60.Kf4  0-1

[Event "Plzen opJ"]
[Site "Plzen"]
[Date "1995.??.??"]
[Round "2"]
[White "Hitzgerova, Gabriela"]
[Black "Babula, Pavel"]
[Result "1/2-1/2"]
[WhiteElo "2145"]
[BlackElo "2080"]

1.e4 c5 2.Nf3 e6 3.d4 cxd4 4.Nxd4 Nc6 5.Nc3 Qc7 6.Be2 a6 7.O-O Nf6 8.Be3 Bb4
9.Na4 O-O 10.Nxc6 bxc6 11.c4 Be7 12.Qd3 c5 13.f4 d6 14.Bf3 Rb8 15.b3 Bb7
16.Rad1 Rfd8 17.Nc3 Nd7 18.g4 Nf8 19.g5 Bc6 20.Qe2 a5 21.Rd3 Rb4 22.Bd2 Rb7
23.Qe1 Ra8 24.Bd1 Kh8 25.Rff3 Re8 26.Rh3 f5 27.exf5 exf5 28.Nd5 Bxd5 29.Rxd5 Qd7
30.Re3 Ng6 31.Re6 Rbb8 32.Bh5 Bxg5 33.Rdxd6 Rxe6 34.Rxd7 Rxe1+ 35.Bxe1 Nxf4
36.Bf3 Bf6 37.Bd2 Nh3+ 38.Kg2 Ng5 39.Bxg5 Bxg5 40.Rd5 Rc8 41.Rxf5  1/2-1/2

[Event "Polanica Zdroj op"]
[Site "Polanica Zdroj"]
[Date "1995.??.??"]
[Round "1"]
[White "Delega, Tomasz"]
[Black "Gorjatschkin, Wjatscheslaw"]
[Result "0-1"]
[WhiteElo "2125"]
[BlackElo "2440"]

1.e4 c5 2.Nf3 e6 3.d4 cxd4 4.Nxd4 Nc6 5.Nc3 Qc7 6.Ndb5 Qb8 7.a4 d6 8.Be2 Nf6
9.O-O Nd7 10.Bf4 Nde5 11.Be3 Be7 12.f4 Ng6 13.f5 Nge5 14.fxe6 Bxe6 15.Nd5 Bxd5
16.exd5 Nb4 17.Qd2 a5 18.c3 Na6 19.Nd4 O-O 20.Nf5 Qd8 21.Nxe7+ Qxe7 22.Rae1 Qc7
23.Bd4 Nc5 24.Qc2 Ncd7 25.Qf5 g6 26.Qh3 Nb6 27.Bb5 Nxd5 28.Qg3 f6 29.Qh4 Kg7
30.Rf2 Ne7 31.Be3 g5 32.Qd4 N7g6 33.Rd1 Rfd8 34.Rff1 Rf8 35.Rd2 Rad8 36.Qb6 Qe7
37.Bd4 Nf4 38.Qxa5 Qe6 39.Qb6 Qg4 40.Qxb7+ Rf7 41.Qb6 Nh3+  0-1

[Event "Rubinstein mem"]
[Site "Polanica Zdroj"]
[Date "1995.??.??"]
[Round "1"]
[White "Huebner, Robert"]
[Black "Krasenkow, Michal"]
[Result "1/2-1/2"]
[WhiteElo "2630"]
[BlackElo "2590"]

1.e4 c5 2.Nf3 e6 3.Nc3 Nc6 4.d4 cxd4 5.Nxd4 Nf6 6.Ndb5 d6 7.Bf4 e5 8.Bg5 a6
9.Na3 b5 10.Nd5 Be7 11.Bxf6 Bxf6 12.c3 Rb8 13.Nc2 Bg5 14.g3 O-O 15.Bg2 a5
16.O-O Be6 17.Qd3 Ne7 18.Nce3 Bxe3 19.Nxe3 Qb6 20.Rfd1 Rfd8 21.a3 g6 22.b4 Ra8
23.Bf1 Rab8 24.Rab1 axb4 25.axb4 d5 26.exd5 Nxd5 27.Nxd5 Rxd5 28.Qe2 Qc7
29.Qe3 Rbd8 30.Rxd5 Rxd5 31.Re1 e4 32.Rc1 Qe5 33.h4 Rd6 34.Qc5  1/2-1/2

[Event "Polanica Zdroj op"]
[Site "Polanica Zdroj"]
[Date "1995.??.??"]
[Round "2"]
[White "Jonczyk, Wieslaw"]
[Black "Bashkov, Viacheslav"]
[Result "0-1"]
[WhiteElo "2240"]
[BlackElo "2425"]

1.e4 c5 2.Nf3 e6 3.d4 cxd4 4.Nxd4 Nc6 5.Nc3 a6 6.Be2 Qc7 7.O-O Nf6 8.Be3 Bb4
9.Na4 Be7 10.Nxc6 bxc6 11.Nb6 Rb8 12.Nxc8 Qxc8 13.e5 Nd5 14.Bc1 Bc5 15.Qd3 O-O
16.Qe4 a5 17.Bd3 f5 18.exf6 Nxf6 19.Qh4 Qc7 20.b3 d5 21.Bg5 h6 22.Bf4 e5
23.Bg3 Bd6 24.f3 Nd7 25.Rfe1 Nc5 26.Rad1 Rbe8 27.Qg4 Nxd3 28.Rxd3 e4 29.fxe4 Qa7+
30.Kh1 Bb4 31.c3 Rxe4 32.Qd1 Qe7 33.Rxe4 dxe4 34.Re3 Bc5 35.Re1 e3 36.h3 Qe4
37.Qb1 Qxb1 38.Rxb1 e2  0-1

[Event "Polanica Zdroj op"]
[Site "Polanica Zdroj"]
[Date "1995.??.??"]
[Round "2"]
[White "Kislov, Mikhail"]
[Black "Panas, Pawel"]
[Result "1-0"]
[WhiteElo "2395"]
[BlackElo "2200"]

1.e4 c5 2.Nf3 e6 3.d4 cxd4 4.Nxd4 Nc6 5.Nc3 Qc7 6.Be3 a6 7.Bd3 b5 8.Nxc6 Qxc6
9.O-O Bb7 10.a4 b4 11.Ne2 Nf6 12.f3 Qc7 13.c4 bxc3 14.Rc1 Bc5 15.Bf2 Bxf2+
16.Rxf2 d5 17.Nxc3 Qd6 18.exd5 Nxd5 19.Ne4 Qb6 20.a5 Qb4 21.Rc4 Qe7 22.Qa4+ Kf8
23.Nc5 g6 24.Be4 Rd8 25.Qb3 Bc8 26.Bxd5 Rxd5 27.Qc3 e5 28.Ne4 Be6 29.Rc7 Qd8
30.Rf1 Kg7 31.f4 Qh4 32.Nc5 Bf5 33.fxe5 Rf8 34.e6+ Kg8 35.Nd7 Rd3 36.Qc5  1-0

[Event "Polanica Zdroj op"]
[Site "Polanica Zdroj"]
[Date "1995.??.??"]
[Round "3"]
[White "Protaziuk, Grzegorz"]
[Black "Hellsten, Johan"]
[Result "1/2-1/2"]
[WhiteElo "2285"]
[BlackElo "2430"]

1.e4 c5 2.Nf3 e6 3.d4 cxd4 4.Nxd4 Nc6 5.Nc3 a6 6.Be2 Nge7 7.Nb3 b5 8.a3 Ng6
9.O-O Be7 10.f4 O-O 11.Kh1 d6 12.Bd3 b4 13.axb4 Nxb4 14.Be2 Rb8 15.Nb1 Qb6
16.Nd4 Bf6 17.c3 Bxd4 18.cxd4 f5 19.exf5 Rxf5 20.Nc3 Bb7 21.Qb3 Nh4 22.Qxe6+ Kh8
23.Rf2 Rf6 24.Qh3 Rh6 25.Na4 Qxd4 26.Qe3 Qxe3 27.Bxe3 Re8 28.Bd2 Nxg2 29.Bf3 Bxf3
30.Rxf3 Nd5 31.Nc3 Nxc3 32.Bxc3 Nh4 33.Rg3 Nf5 34.Rg5 Re2 35.Rxf5 Rhxh2+
36.Kg1 Rhg2+  1/2-1/2

[Event "Polanica Zdroj op"]
[Site "Polanica Zdroj"]
[Date "1995.??.??"]
[Round "8"]
[White "Cherevatenko, Roman"]
[Black "Grobelny, Alojzy"]
[Result "1-0"]
[WhiteElo "2420"]
[BlackElo "2235"]

1.e4 c5 2.Nf3 e6 3.d4 cxd4 4.Nxd4 Nc6 5.Nc3 d6 6.g4 a6 7.Be3 Bd7 8.h4 h6
9.f4 Rc8 10.Qf3 b5 11.O-O-O b4 12.Nce2 Na5 13.Ng3 Nc4 14.Bxc4 Rxc4 15.Rd2 Qc8
16.g5 a5 17.Rf1 a4 18.Kb1 a3 19.b3 Rc3 20.Nge2 g6 21.Rd3 Rc7 22.h5 Ne7 23.Bd2 Qb7
24.c4 gxh5 25.Ng3 h4 26.Nh5 Ng8 27.f5 e5 28.Ne6 Rc8 29.Nxf8 Kxf8 30.g6 Ke7
31.f6+ Ke8  1-0

[Event "Polanica Zdroj op"]
[Site "Polanica Zdroj"]
[Date "1995.??.??"]
[Round "10"]
[White "Pedzich, Dominik"]
[Black "Krzywicki, Dariusz"]
[Result "1-0"]
[WhiteElo "2400"]
[BlackElo "2320"]

1.e4 c5 2.Nf3 e6 3.d4 cxd4 4.Nxd4 Nc6 5.Nc3 Qc7 6.Be2 Nf6 7.Be3 Be7 8.O-O a6
9.f4 d6 10.a4 O-O 11.Kh1 Re8 12.Bf3 Rb8 13.Qd2 Bd7 14.Nb3 b6 15.g4 Bc8 16.g5 Nd7
17.Bg2 Na5 18.Qe2 Bb7 19.Rad1 Rbc8 20.Nd4 Nc6 21.Rf2 Nxd4 22.Bxd4 Qb8 23.Qg4 Bf8
24.h4 Qc7 25.Qg3 Bc6 26.f5 Ne5 27.Kh2 b5 28.axb5 axb5 29.Rdf1 b4 30.Nd1 Bb5
31.Rg1 exf5 32.exf5 Nc6 33.Be3 Ne5 34.Bf4 Bc6 35.Ne3 Qb7 36.Bxc6 Qxc6 37.Qg2 Qxg2+
38.Kxg2 Nc4 39.Nxc4 Rxc4 40.Rd1 Rec8 41.Rdd2 d5 42.Rxd5 Rxc2 43.Rxc2 Rxc2+
44.Kf3 Be7 45.Rb5 Rc8 46.Ke4 Rc4+ 47.Kf3 Rc8 48.Bd2 Kf8 49.Bxb4 Bxb4 50.Rxb4 Rc7
51.Ke4 h5 52.Kd5 Ke7 53.Rb6 Rd7+ 54.Kc5 Rd2 55.Rb7+ Ke8 56.b4 Rf2 57.Kd6 Rd2+
58.Kc6 Rc2+ 59.Kb6 Rc4 60.b5 Rxh4 61.g6 fxg6 62.fxg6 Kf8 63.Rf7+ Kg8 64.Rd7 Kf8
65.Kc5 Rh1 66.b6 Rc1+ 67.Kd6 Rd1+ 68.Kc7 Rc1+ 69.Kd8 Rb1 70.b7 h4 71.Rf7+ Kg8
72.Kc8 Rc1+ 73.Rc7 Rb1 74.b8=Q Rxb8+  1-0

[Event "Portoroz op"]
[Site "Portoroz"]
[Date "1995.??.??"]
[Round "?"]
[White "Saradjen, Janko"]
[Black "Cebalo, Miso"]
[Result "0-1"]
[WhiteElo "2170"]
[BlackElo "2570"]

1.e4 c5 2.Nf3 e6 3.d4 cxd4 4.Nxd4 Nc6 5.Nc3 d6 6.Be2 Nf6 7.O-O Be7 8.Kh1 O-O
9.f4 Bd7 10.Nb3 a6 11.a4 Nb4 12.Bf3 Qc7 13.Be3 Rac8 14.Qd2 e5 15.Rad1 Be6
16.f5 Bc4 17.Rg1 d5 18.exd5 Rfd8 19.Qf2 Nbxd5 20.Nxd5 Nxd5 21.Bxd5 Rxd5 22.Nd2 a5
23.Ne4 Qc6 24.Ng3 f6 25.b3 Rxd1 26.Rxd1 Bf7 27.c4 Rd8 28.Rxd8+ Bxd8 29.h3 h6
30.Qe2 Be7 31.Qg4 Kh7 32.Nh5 Bf8 33.Ng3 Qd6 34.Qe2 Be8 35.Ne4 Qb4 36.Qd1 Bc6
37.Bd2 Qb6 38.Ng3 Qf2  0-1

[Event "Portoroz op"]
[Site "Portoroz"]
[Date "1995.??.??"]
[Round "?"]
[White "Gruskovnjak, Tomislav"]
[Black "Drei, Andrea"]
[Result "0-1"]
[WhiteElo "2055"]
[BlackElo "2310"]

1.e4 c5 2.Nf3 e6 3.d4 cxd4 4.Nxd4 Nc6 5.Nc3 Qc7 6.g3 a6 7.Bg2 Nf6 8.O-O Nxd4
9.Qxd4 Bc5 10.Qd3 d6 11.Bf4 Nd7 12.Na4 e5 13.Bd2 b5 14.Nc3 Bb7 15.Nd5 Bxd5
16.exd5 O-O 17.g4 Qd8 18.Qh3 f6 19.Be4 g6 20.Kh1 Rf7 21.c3 Rb8 22.b4 Ba7
23.f4 exf4 24.Bxf4 Ne5 25.Bxe5 dxe5 26.Rad1 Qd6 27.Rf3 Rbf8 28.Qh6 Rd8 29.Rdf1 Qe7
30.Rh3 Rg7 31.Qh4 Rd6 32.Rhf3 Rf7 33.Rh3 Rg7 34.Rhf3 Kf7 35.Qh3 Bb6 36.a4 Kg8
37.axb5 axb5 38.Ra1 Qd8 39.Qf1 f5 40.Bc2 e4 41.Rg3 Rxd5 42.Bb3 Kh8 43.Bxd5 Qxd5
44.gxf5 gxf5 45.Rd1 Qe5 46.Rxg7 Kxg7 47.Rd7+ Kf6 48.Qg2 Ke6 49.Rb7 Bc7 50.Qa2+ Kf6
51.Qe2 Qxc3 52.Rxb5 Qc1+ 53.Kg2 Qg5+ 54.Kh1 Qc1+ 55.Kg2 Qf4 56.Kg1 Qc1+ 57.Qf1 Bxh2+
58.Kg2 Qd2+ 59.Qf2 Qxf2+ 60.Kxf2 Bd6 61.Ke3 h5 62.Rb7 Ke5 63.Rb5+ Ke6 64.Rb7 h4
65.Rh7 Bxb4 66.Rxh4 Ke5 67.Rh5 Ba3 68.Ke2 Bc5 69.Rg5 Kf6 70.Rh5 Kg6 71.Rh3 f4
72.Rc3 Be7 73.Rb3 Kf5 74.Rb5+ Ke6 75.Ra5 Bd6 76.Ra6 Kd5 77.Ra8 f3+  0-1

[Event "Women-Veterans"]
[Site "Prague"]
[Date "1995.??.??"]
[Round "4"]
[White "Polgar, Judit"]
[Black "Portisch, Lajos"]
[Result "1/2-1/2"]
[WhiteElo "2635"]
[BlackElo "2615"]

1.e4 c5 2.Nf3 e6 3.d4 cxd4 4.Nxd4 Nc6 5.Nc3 a6 6.Be3 Qc7 7.Bd3 Nf6 8.O-O Ne5
9.h3 Bc5 10.Kh1 d6 11.f4 Ng6 12.Qd2 O-O 13.Rf3 e5 14.Nde2 Bxe3 15.Qxe3 Qc5
16.Qd2 exf4 17.Nxf4 Qg5 18.Qf2 Nxf4 19.Rxf4 Be6 20.Rf1 Rac8 21.Ne2 d5 22.Nd4 dxe4
23.Nxe6 fxe6 24.Bxe4 Qxf4 25.Qxf4 Nxe4 26.Qxe4 Rxf1+ 27.Kh2 Rc6 28.c4 Rf7
29.b4 Rfc7 30.b5 axb5 31.cxb5 Rd6 32.a4 Re7 33.a5 h6 34.Qc4 Rdd7 35.b6  1/2-1/2

[Event "Prague Mladi op"]
[Site "Prague"]
[Date "1995.??.??"]
[Round "7"]
[White "Simacek, Pavel"]
[Black "Cherevatenko, Roman"]
[Result "0-1"]
[WhiteElo "2125"]
[BlackElo "2365"]

1.e4 c5 2.Nf3 Nc6 3.d4 cxd4 4.Nxd4 e6 5.Nc3 Qc7 6.g3 a6 7.Bg2 Nf6 8.O-O Bc5
9.Bf4 Ne5 10.Nf3 d6 11.Nxe5 dxe5 12.Bg5 Bd7 13.Qf3 Ke7 14.Rfd1 Bd4 15.Rd3 Bc6
16.Rad1 Rhd8 17.Qe2 h6 18.Be3 Qb6 19.b3 Bxe3 20.Rxe3 Rxd1+ 21.Qxd1 Rd8 22.Rd3 Rd4
23.Qe2 Bb5 24.Nxb5 Qxb5 25.Kf1 Rxd3 26.Qxd3 Qxd3+ 27.cxd3 Kd6 28.b4 Kc6 29.d4 Kb5
30.dxe5 Nd7 31.f4 Kxb4 32.Ke2 Kc3 33.Ke3 b5 34.Bf1 Nb6 35.f5 Nd7 36.Bh3 Nc5
37.Bg4 g6 38.Bd1 a5 39.g4 g5 40.h4 b4 41.hxg5 hxg5  0-1

[Event "CZE Moravia-ch"]
[Site "Prerov"]
[Date "1995.??.??"]
[Round "6"]
[White "Babula, Milan"]
[Black "Beil, Zdenek"]
[Result "1/2-1/2"]
[WhiteElo "2295"]
[BlackElo "2315"]

1.e4 c5 2.Nf3 e6 3.d4 cxd4 4.Nxd4 Nc6 5.Nc3 a6 6.Be2 Qc7 7.Be3 Nf6 8.O-O Bb4
9.Na4 O-O 10.Nxc6 bxc6 11.Nb6 Rb8 12.Nxc8 Rfxc8 13.Bxa6 Rf8 14.Bd3 Bd6 15.f4 e5
16.f5 Rxb2 17.g4 h6 18.h4 Re8 19.g5 Nd5 20.exd5 e4 21.Be2 Bc5 22.Bxc5 Qg3+
23.Kh1 Qh3+  1/2-1/2

[Event "CRO-Cup"]
[Site "Pula"]
[Date "1995.??.??"]
[Round "1"]
[White "Nagrajsalovic, Miroslav"]
[Black "Zelic, Zdravko"]
[Result "1/2-1/2"]
[WhiteElo "2320"]
[BlackElo "2385"]

1.e4 c5 2.Nf3 e6 3.d4 cxd4 4.Nxd4 Nc6 5.Nc3 Qc7 6.Be3 a6 7.Be2 Nf6 8.O-O Bb4
9.Nxc6 bxc6 10.Na4 Rb8 11.Qd3 d5 12.exd5 cxd5 13.c4 Bd7 14.Nc3 dxc4 15.Qxc4 Qxc4
16.Bxc4 a5 17.Ne2 Ke7 18.Rfd1 Rhc8 19.Rac1 Bd6 20.b3 Ng4 21.Bd2 a4 22.Ng3 Ne5
23.Ne4 Nxc4 24.bxc4 Ba3 25.Rc3 Bb4 26.Rd3 Bxd2 27.R3xd2 Bc6 28.Nd6 Rd8 29.f3 Rd7
30.Kf2 a3 31.c5 Rc7 32.Rc1 Bd5 33.Ke3 Rb2 34.Rcc2 Rxc2 35.Rxc2 Rc6 36.Kd4 Ra6
37.Nb5 Ra4+ 38.Kd3 Ra5 39.Nd4 Kd7 40.f4 Ra6 41.g3 f6 42.Nb5 Bc6 43.Nd6 Ra4
44.Rc4 Ra5 45.Rc2 Bd5 46.Rc3 Kc6 47.Nc4 Rxc5 48.Nxa3 Bxa2 49.Rxc5+ Kxc5 50.Ke3 Bd5
51.Nc2 Bc4 52.g4 Bb3 53.Nd4 Ba2 54.Nc2 Bb1 55.Nd4 Kd5 56.h4 Bg6 57.Ne2 Be8
58.Nc3+ Kc4 59.Ne4 Bc6 60.Ng3 Be8 61.g5 Kd5 62.Ne4 fxg5 63.Nxg5 h6 64.Nf3 Bh5
65.Ne5 Kd6 66.Nc4+ Ke7 67.Kf2 Kf6 68.Kg3 Be2 69.Ne3 Ke7 70.Kf2 Bh5 71.Nc4 Kd7
72.Ke3 Ke7 73.Kf2 Bd1 74.Ne5 Kf6 75.Kg3 Kf5 76.Nc4 Ke4 77.Nd6+ Kd5 78.Nb5 Kc5
79.Nc3 Bh5 80.Ne4+ Kd5 81.Nc3+ Kc4 82.Ne4 Kd4 83.Nd6 Bg6 84.Kg4 Kd5 85.Nb5 Kc5
86.Nc3 Kc4 87.Nd1 Kd3 88.Nb2+ Ke2 89.Kg3 Be8 90.Nc4 Kd3  1/2-1/2

[Event "CRO-Cup"]
[Site "Pula"]
[Date "1995.??.??"]
[Round "5"]
[White "Feletar, Darko"]
[Black "Cebalo, Miso"]
[Result "1/2-1/2"]
[WhiteElo "2320"]
[BlackElo "2570"]

1.e4 c5 2.Nf3 e6 3.d4 cxd4 4.Nxd4 Nc6 5.Nc3 d6 6.Be3 Nf6 7.Bc4 Be7 8.Qe2 O-O
9.O-O-O Qc7 10.Bb3 a6 11.g4 Nxd4 12.Rxd4 b5 13.g5 Nd7 14.Rg1 Nc5 15.e5 dxe5
16.Rh4 Nxb3+ 17.axb3 g6 18.Ne4 f5 19.gxf6 Bxf6 20.Rhg4 Bg7 21.h4 Rf5 22.Ng5 Bb7
23.h5 Bd5 24.hxg6 h6 25.Nf7 Bf3 26.Qd2 Bxg4 27.Rxg4 Qc6 28.Rh4 Qd5 29.Qb4 Rf8
30.Qe7 R8xf7 31.gxf7+ Rxf7 32.Qe8+ Rf8 33.Qe7 Rd8 34.Kb1 Rd7 35.Qe8+ Kh7
36.b4 e4 37.Rh1 Qc6 38.Qh5 Rc7 39.c3 Qd5 40.Qh4 Qd3+ 41.Kc1 Rxc3+ 42.bxc3 Qxc3+
43.Kd1 Qb3+ 44.Ke1 Qb1+ 45.Kd2 Qd3+ 46.Kc1 Qc3+  1/2-1/2

[Event "Recklinghausen"]
[Site "Recklinghausen"]
[Date "1995.??.??"]
[Round "1"]
[White "Kummerow, Heiko"]
[Black "Schmidt, Wlodzimierz"]
[Result "0-1"]
[WhiteElo "2250"]
[BlackElo "2450"]

1.e4 c5 2.Nf3 e6 3.d4 cxd4 4.Nxd4 Nc6 5.Nc3 Qc7 6.Be2 a6 7.O-O Nf6 8.Kh1 d6
9.Be3 Be7 10.f4 O-O 11.Qe1 Nxd4 12.Bxd4 b5 13.a3 Bb7 14.Qg3 Bc6 15.Rae1 Qb7
16.Bd3 b4 17.Nd1 bxa3 18.bxa3 Rfe8 19.Ne3 Qd7 20.Nc4 Rad8 21.Ba1 d5 22.Ne5 Qc7
23.Nxc6 Qxc6 24.Bxf6 Bxf6 25.e5 Be7 26.f5 exf5 27.Bxf5 Bf8 28.Qh3 g6 29.e6 fxe6
30.Rxe6 Rd6 31.Rfe1 Rdxe6 32.Bxe6+ Kh8 33.Qf3 Bg7 34.h3 Rxe6 35.Rb1 Qe8 36.Qg3 Be5
37.Qh4 Qf7 38.Re1 Bf6 39.Rf1 Bxh4 40.Rxf7 Bg3  0-1

[Event "Recklinghausen"]
[Site "Recklinghausen"]
[Date "1995.??.??"]
[Round "8"]
[White "Galdunts, Sergey"]
[Black "Galonska, Joern"]
[Result "1-0"]
[WhiteElo "2450"]
[BlackElo "2185"]

1.e4 c5 2.Nc3 Nc6 3.Nge2 e6 4.d4 cxd4 5.Nxd4 Nf6 6.Ndb5 d6 7.Bf4 e5 8.Bg5 a6
9.Na3 b5 10.Nd5 Qa5+ 11.Bd2 Qd8 12.c4 b4 13.Nxf6+ Qxf6 14.Nc2 Qg6 15.Qf3 Rb8
16.Bd3 Be7 17.Qg3 Be6 18.O-O a5 19.b3 Qxg3 20.hxg3 Bd8 21.Be3 Bb6 22.f4 f6
23.Rac1 Bxe3+ 24.Nxe3 Nd4 25.c5 a4 26.cxd6 axb3 27.axb3 Nxb3 28.Rc7 O-O 29.fxe5 fxe5
30.Nf5 Nd2 31.Ne7+ Kh8 32.Rd1 Nb3 33.Nc6 Rbc8 34.Ba6 Ra8 35.Bb7 Ra2 36.d7 Bxd7
37.Rdxd7 Nd4 38.Nxe5 b3 39.Rxd4 b2  1-0